| 000 | 01411cam a22002775a 4500 | ||
|---|---|---|---|
| 001 | 17254011 | ||
| 005 | 20201128021521.0 | ||
| 008 | 120413t2013 nyu frb 001 0 eng d | ||
| 020 | _a9780071797429 (alk. paper) | ||
| 020 | _a0071797424 (alk. paper) | ||
| 040 |
_aDLC _cDLC _dDLC _dEG-ScBUE _beng |
||
| 082 | 0 | 4 |
_a658.11 _222 _bMEH |
| 100 | 1 |
_aMehta, Monica. _938682 |
|
| 245 | 1 | 4 |
_aThe entrepreneurial instinct : _bhow everyone has the innate ability to start a successful small business / _cMonica Mehta. |
| 260 |
_aNew York : _bMcGraw-Hill, _cc.2013. |
||
| 300 |
_aix, 205 p. ; _c24 cm. |
||
| 500 | _aIndex : p.199-205. | ||
| 504 | _aBibliography : p.193-197. | ||
| 505 | 0 | _aHow Sunil and Rita made millions -- Decoding the framework of the instinct-driven entrepreneur -- The entrepreneur's innate risk-taking edge -- The chemical that drives risk taking -- The personality traits of the self-made -- The source of fear -- Turning your red light off -- Take rewarding risks -- Launching a business with instinct -- Finding inspiration -- Create a cycle of productivity -- Shoot first, aim later -- Don't spend a dime -- Before you quit your job -- How beliefs define reality. | |
| 650 | 7 |
_aNew business enterprises. _2BUEsh _9239 |
|
| 650 | 7 |
_aEntrepreneurship. _2BUEsh _9240 |
|
| 650 | 7 |
_aSmall Business. _2BUEsh _9253 |
|
| 651 | _2BUEsh | ||
| 653 |
_bBUSADM _cAugust2015 _cNovember2015 |
||
| 942 | _2ddc | ||
| 999 |
_c20625 _d20597 |
||